MARC

LEADER 00000nam0a2200000 4500
001 371057
005 20231102012336.0
035 |a (RuTPU)RU\TPU\retro\28466 
090 |a 371057 
100 |a 20220909d1978 m y0rusy50 ca 
101 0 |a rus 
102 |a RU 
105 |a a z 001zy 
200 1 |a Процессы нефтегазообразования в акватории Каспийского моря  |e сборник  |f Академия наук СССР, Институт океанологии им. П. П. Ширшова 
210 |a Москва  |c [Б. и.]  |d 1978 
215 |a 143 с.  |c ил. 
320 |a Библиография в конце статей 
606 1 |a Нефтегазоносность  |2 stltpush  |3 (RuTPU)RU\TPU\subj\45590  |9 64783 
610 1 |a нефть 
610 1 |a газ 
610 1 |a образование 
610 1 |a Каспийское море 
610 1 |a акватории 
610 1 |a генезис 
610 1 |a органическое вещество 
610 1 |a накопление 
610 1 |a палеогеографические условия 
610 1 |a термобарическая обстановка 
610 1 |a гидрогеологическая обстановка 
610 1 |a углеводороды 
610 1 |a генерация 
610 1 |a Каспийский регион 
610 1 |a нефтегазогеологическое районирование 
610 1 |a перспективы 
675 |a 553.98  |v 4 
712 0 2 |a Академия наук СССР  |b Институт океанологии им. П. П. Ширшова  |c (Москва)  |2 stltpush  |3 (RuTPU)RU\TPU\col\6016  |9 24200 
801 1 |a RU  |b 63413507  |c 20220909 
942 |c BK